000 00604nam a2200217 a 4500
001 BRCA_3598
005 20190320204340.0
008 110809s1961----enka---###---#000-0#eng-#
041 _aeng
044 _aenk
050 4 _aPZ3
_p.D36 1961
100 1 _aDaninos, Pierre
_99342
245 1 0 _aMajor Thompson lives in France
_band Major Thompson and I
_cPierre Daninos ; with drawings by Walter Goetz.
260 _aLondon
_bJ. Cape
_c1961
300 _a315 p.
_bil.
_c20 cm.
500 _aB268
650 1 4 _aNovela francesa
_99343
700 1 _aGoetz, Walter
_eil
_99344
902 _aGFM
942 _2lcc
_cB
999 _c3333
_d3333